[Event "Match"]
[Site "Tehran IRI"]
[Date "2003.02.13"]
[Round "2"]
[White "Ghaem Maghami,E"]
[Black "Short,N"]
[Result "0-1"]
[WhiteElo "2500"]
[BlackElo "2690"]
[EventDate "2003.02.12"]

1. c4 e5 2. g3 d6 3. Nc3 Be6 4. Bg2 Nc6 5. d3 Qd7 6. e4 g6 7. h3 Bg7 8.
Nge2 f5 9. Nd5 fxe4 10. dxe4 Nce7 11. b3 c6 12. Ndc3 Nf6 13. Ba3 Rd8 14.
Qd2 O-O 15. Rd1 Nc8 16. g4 a6 17. O-O h5 18. g5 Nh7 19. Qe3 b5 20. cxb5
axb5 21. h4 Rf7 22. f4 exf4 23. Nxf4 Bg4 24. Rd2 Nf8 25. Nce2 Re8 26. Bb2
Bxb2 27. Rxb2 d5 28. Rd2 Nd6 29. Ng3 Nf5 30. Nxf5 Bxf5 31. Qd4 dxe4 32.
Qxd7 Bxd7 33. Re2 Bf5 34. Rfe1 Rfe7 35. Bh3 Bxh3 36. Nxh3 Nd7 37. Nf2 e3
38. Nd3 Re4 39. Kg2 c5 40. Rf1 Rxh4 41. Nf4 Rg4+ 42. Kh3 Rxg5 43. Ng2 Rge5
44. Rfe1 Nb6 45. Rxe3 Rxe3+ 46. Rxe3 Rxe3+ 47. Nxe3 Kf7 48. Kh4 Kf6 49. a3
c4 50. bxc4 Nxc4 51. Nd5+ Ke5 52. Ne7 Nxa3 53. Kg5 Ke4 54. Nxg6 b4 55. Nf4
b3 56. Ne2 Nb5 57. Kxh5 b2 0-1

[Event "Match"]
[Site "Tehran IRI"]
[Date "2003.02.14"]
[Round "3"]
[White "Short,N"]
[Black "Ghaem Maghami,E"]
[Result "1/2-1/2"]
[WhiteElo "2690"]
[BlackElo "2500"]
[EventDate "2003.02.12"]

1. e4 c5 2. Nf3 d6 3. d4 cxd4 4. Nxd4 Nf6 5. Nc3 a6 6. a4 g6 7. Be2 Bg7 8.
O-O O-O 9. Be3 Nc6 10. f4 Bd7 11. Nb3 b5 12. axb5 axb5 13. Rxa8 Qxa8 14.
Bxb5 Ng4 15. Qd2 Nxe3 16. Qxe3 Rb8 17. Ra1 Qxa1+ 18. Nxa1 Bd4 19. Qxd4 Nxd4
20. Bxd7 Rxb2 21. Kf2 Nxc2 22. Nxc2 Rxc2+ 23. Ne2 Rb2 1/2-1/2

[Event "Match"]
[Site "Tehran IRI"]
[Date "2003.02.16"]
[Round "5"]
[White "Short,N"]
[Black "Ghaem Maghami,E"]
[Result "1/2-1/2"]
[WhiteElo "2690"]
[BlackElo "2500"]
[EventDate "2003.02.12"]

1. e4 c5 2. Nf3 d6 3. d4 cxd4 4. Nxd4 Nf6 5. Nc3 a6 6. Be2 e5 7. Nb3 Be7 8.
O-O Be6 9. f4 Qc7 10. Kh1 Nbd7 11. g4 h6 12. g5 hxg5 13. fxg5 Nh7 14. Bg4
Nxg5 15. Bxg5 Bxg5 16. Bxe6 fxe6 17. Qg4 Bf4 18. Qxe6+ Kd8 19. Rad1 Re8 20.
Qxd6 Qxd6 21. Rxd6 Ke7 22. Rg6 Kf7 23. Rfg1 Bh6 24. Na5 Re6 25. Rxe6 Kxe6
26. Nd5 Rc8 27. Rg6+ Kf7 28. Rg2 Nc5 29. Re2 b5 30. c4 Nd3 31. b3 Ke6 32.
Rg2 Nf4 33. Rg3 bxc4 34. Nxc4 Nxd5 35. exd5+ Kf6 36. Kg2 e4 37. Rg4 Rd8 38.
Rxe4 Rxd5 39. Re8 Kf5 40. Ra8 Ke4 41. Rxa6 Rg5+ 42. Kh1 Rh5 43. Rg6 Bf4 44.
Rg2 g5 45. Kg1 Rh8 46. Nd2+ Kd3 47. Nf1 Rc8 48. Rf2 Rc2 49. h3 Kc3 50. Kg2
Rxf2+ 51. Kxf2 Kb2 52. a4 Kxb3 53. a5 Kc4 54. a6 Bb8 55. Kf3 Kb5 56. Kg4
Kxa6 57. Kxg5 Bc7 58. Ne3 Kb5 59. Kg6 Bg3 60. Nf5 Be1 61. h4 Bxh4 1/2-1/2